Podporujeme výskumné aktivity na Slovensku /
Uloženo v:
| Korporativní autor: | |
|---|---|
| Médium: | Kniha |
| Jazyk: | slovenština |
| Vydáno: |
Bratislava :
Agentúra Ministerstva školstva SR pre štrukturálne fondy EÚ,
2016
|
| Témata: | |
| On-line přístup: |
|
| Tagy: |
Přidat tag
Žádné tagy, Buďte první, kdo vytvoří štítek k tomuto záznamu!
|
MARC
| LEADER | 00000nam a2200000 4500 | ||
|---|---|---|---|
| 003 | SK-BrCVT | ||
| 005 | 20220618110458.0 | ||
| 006 | m e d 000 0 | ||
| 007 | ta | ||
| 008 | 160817s2016 xo e d 000 0slo#d | ||
| 035 | |a CVTIDW0059259 | ||
| 040 | |a CVTISR |b slo |c CVTISR |e AACR2 | ||
| 041 | 0 | |a slo | |
| 044 | |a xo |c SK | ||
| 080 | |a 001.19(437.6) |2 2008 | ||
| 110 | 2 | |a Agentúra Ministerstva školstva Slovenskej republiky pre štrukturálne fondy EÚ (Bratislava, Slovensko) |4 org | |
| 245 | 1 | 0 | |a Podporujeme výskumné aktivity na Slovensku / |c Agentúra Ministerstva školstva Slovenskej republiky pre štrukturálne fondy EÚ |h [elektronický zdroj] |
| 260 | |a Bratislava : |b Agentúra Ministerstva školstva SR pre štrukturálne fondy EÚ, |c 2016 | ||
| 300 | |a 1 CD-ROM ; |c 13 cm | ||
| 500 | |a Názov z titulnej obrazovky | ||
| 516 | |a Textový dokument | ||
| 538 | |a Technické požiadavky: Macromedia Flash Player 8 | ||
| 651 | 7 | |a Slovenská republika |2 CVTISR | |
| 653 | 1 | |a veda | |
| 653 | 1 | |a výskum | |
| 655 | 7 | |a kompaktné disky (CD) |2 SNKPH | |
| 852 | |a CVTISR |b 1 | ||
| 910 | |b Z001368 | ||
| 959 | |a 02 | ||
| 974 | |a katarina.repata |f Knihy | ||
| 992 | |a JDC | ||
| 992 | |a APH | ||
| 999 | |c 261423 |d 261423 | ||